| 000 | 01110nam a2200349 a 4500 | ||
|---|---|---|---|
| 999 |
_c918 _d918 |
||
| 001 | 010310899 | ||
| 003 | UkOxU | ||
| 005 | 20210622085431.0 | ||
| 008 | 880914s1989 enk 001 0 eng d | ||
| 015 | _aGB-8912318 | ||
| 020 | _a0333419480 pbk | ||
| 020 | _a0333419472 | ||
| 040 | _cALUPE UNIVERSITY | ||
| 043 | _ae-uk--- | ||
| 050 | 0 |
_aHQ1064 _b.G7 Q74 1989 |
|
| 082 |
_a362.6/0941 _219 |
||
| 092 | _aD0400650382 | ||
| 100 | 1 | _aQureshi, Hazel. | |
| 245 | 1 | 4 |
_aThe caring relationship : _belderly people and their families / _cHazel Qureshi, Alan Walker |
| 260 |
_aBasingstoke : _bMacmillan Education, _c1989 |
||
| 300 |
_axii, 291 p. ; _c23 cm |
||
| 504 | _aIncludes bibliography | ||
| 650 | 0 |
_aOlder people _xHealth and hygiene _zGreat Britain. |
|
| 650 | 0 |
_aOlder people _zGreat Britain _xFamily relationships. |
|
| 650 | 0 |
_aOlder people _xCare _zGreat Britain. |
|
| 700 | 1 |
_aWalker, Alan, _d1949- |
|
| 942 |
_2lcc _cBK _nSO |
||